Yhdysvaltain osavaltiot tyhjällä kartalla - Statistics

Yleistilastot
  • Tätä visaa on pelattu 8 072 kertaa
  • Keskiarvotulos 35 / 50
Vastaukset kartalla
Vastauksille on annettu kartalla punavihreä väri sen mukaan, kuinka moni on saanut sen oikein.
 
Vastaustilastot
Osavaltio % Oikein
New York
93%
Texas
93%
Kalifornia
91%
Florida
89%
Washington
89%
Alaska
83%
Alabama
82%
Nevada
78%
Arizona
77%
New Mexico
77%
Utah
77%
Mississippi
76%
Ohio
76%
Etelä-Dakota
73%
Minnesota
73%
Pohjois-Dakota
73%
Etelä-Carolina
72%
Pohjois-Carolina
72%
Kansas
71%
Arkansas
70%
Colorado
70%
Maine
70%
Tennessee
70%
Georgia
69%
Virginia
69%
Illinois
68%
Michigan
68%
New Jersey
67%
Oregon
67%
Havaiji
66%
Idaho
66%
Kentucky
65%
Pennsylvania
65%
Montana
64%
Wyoming
64%
Oklahoma
63%
Iowa
62%
Länsi-Virginia
62%
Indiana
61%
Missouri
61%
Louisiana
60%
Maryland
60%
Nebraska
60%
Rhode Island
58%
New Hampshire
57%
Vermont
56%
Delaware
55%
Wisconsin
55%
Connecticut
54%
Massachusetts
52%
Ehtoja vastaavia visoja ei löytynyt
Tulosjakauma
Jokaisen tuloksen saaneiden osuus
Persentiili vastausten määrän mukaan
Tuloshistoriasi
Et ole pelannut tätä visaa